000 01327nam a2200337Ia 4500
003 OSt
005 20221007123238.0
006 a|||||r|||| 00| 0
007 ta
008 221006b |||||||| |||| 00| 0 eng d
020 _a 047116435X(V 2) (pbk)
020 _a0-471-16433-X(V 1) (pbk)
_c
_ 130.00
024 _a4031
037 _bHindustan,
_cTextual
040 _aPAPL
_cPAPL
_beng
041 _2eng
_aeng
082 _aCN26, L7.1-;3
100 _aCohen-Tannoudji Claude
245 0 _aQuantum mechanics by Claude Cohen-Tannoudji and others.Tr by Susan Reid Hemley and others
_b Diu Bernard Laloe Franck Hemley Susan Reid^eand others Tr
260 _aNew
_bYork John Wiley Sons
_c1977
300 _a2 V
_ccm.
490 _vV 1 (xv,898p)
500 _aBibliography 1499-1516p; Index 1517-1524p; ^n23/CSL/CARPA/96-97/3407^d1996-08-14^mPurchase; ; 96-97/166^b1996-10-10^c37323^d1996-10-09^eHindustan Book Agency (India); ; 1996-10-10^bSB^c1996-10-14
650 _a Quantum mechanics
650 _aPhysics
700 _a Diu Bernard
700 _a Hemley Susan Reid^eand others Tr
_9716951
700 _a Laloe Franck
942 _hCN26, L7.1-;3
_cTEXL
_2CC
999 _c1211588
_d1211588